[Event "GER-chT U12"]
[Site "Magdeburg"]
[Date "2023.12.29"]
[Round "5.7"]
[White "Vu, Khoi Nguyen"]
[Black "Tuktamyshev, Timur"]
[Result "1-0"]
[WhiteElo "1599"]
[BlackElo "1391"]
[PlyCount "109"]
[EventDate "2023.12.26"]
[EventType "team-swiss"]
[EventRounds "7"]
[EventCountry "GER"]
[SourceTitle "CB03_2024"]
[SourceDate "2024.01.17"]
[SourceVersion "1"]
[SourceVersionDate "2024.01.17"]
[SourceQuality "1"]
[WhiteTeam "Oberschoeneweide"]
[BlackTeam "Hamburger SK"]
[WhiteTeamCountry "GER"]
[BlackTeamCountry "GER"]

1. e4 e5 2. Nf3 Nc6 3. Bc4 Nf6 4. d3 Bc5 5. c3 d6 6. 0-0 Bg4 7. Nbd2 0-0 8. h3 Bh5 9. Re1 Re8 10. Nf1 d5 11. exd5 Nxd5 12. Ng3 Bg6 13. Ne4 Bxe4 14. Rxe4 Na5 15. Bxd5 Qxd5 16. b4 Bxf2+ 17. Kxf2 Nc6 18. Kg1 f5 19. Re2 e4 20. Ne1 exd3 21. Rxe8+ Rxe8 22. Nf3 Re2 23. Qb3 Qxb3 24. axb3 Ne5 25. Nxe5 Rxe5 26. Bf4 Re4 27. Bxc7 d2 28. Kf2 f4 29. Rd1 Re3 30. Rxd2 Rxc3 31. Bxf4 Rxb3 32. Rd8+ Kf7 33. Rd7+ Ke6 34. Rxb7 a5 35. Bd2 Rb2 36. Ke2 a4 37. Ra7 Kd6 38. Rxa4 Kc6 39. Ra7 Kb5 40. Rxg7 Ra2 41. Rxh7 Ra8 42. g4 Rg8 43. g5 Kc6 44. h4 Kb5 45. h5 Ka4 46. g6 Kb5 47. g7 Kc6 48. h6 Kb5 49. Rh8 Rxh8 50. gxh8Q Kc4 51. Qc3+ Kd5 52. h7 Ke6 53. h8Q Kd5 54. Qc5+ Ke4 55. Qh4# 1-0

[Event "GER-chT U12"]
[Site "Magdeburg"]
[Date "2023.12.28"]
[Round "3.4"]
[White "Tuktamyshev, Timur"]
[Black "Berndt, Ronson"]
[Result "0-1"]
[WhiteElo "1391"]
[BlackElo "1615"]
[PlyCount "80"]
[EventDate "2023.12.26"]
[EventType "team-swiss"]
[EventRounds "7"]
[EventCountry "GER"]
[SourceTitle "CB03_2024"]
[SourceDate "2024.01.17"]
[SourceVersion "1"]
[SourceVersionDate "2024.01.17"]
[SourceQuality "1"]
[WhiteTeam "Hamburger SK"]
[BlackTeam "Lichtenberg Borussia"]
[WhiteTeamCountry "GER"]
[BlackTeamCountry "GER"]

1. e4 e5 2. Nf3 Nc6 3. Bc4 Bc5 4. Nc3 Nf6 5. d3 d6 6. Bg5 h6 7. Bh4 Be6 8. Bb5 Bb4 9. a3 Bxc3+ 10. bxc3 g5 11. Bg3 0-0 12. h4 g4 13. Nd2 h5 14. f4 gxf3 15. gxf3 Ne7 16. d4 Ng6 17. Bd3 c6 18. Rg1 Kh8 19. Nc4 Bxc4 20. Bxc4 Qe7 21. Qd2 Kh7 22. Bd3 Rg8 23. Qg5 Rae8 24. Kd2 Rg7 25. Qf5 Qe6 26. Bc4 Qxc4 27. Qxf6 Re6 28. Qg5 exd4 29. Qxh5+ Kg8 30. Qa5 dxc3+ 31. Qxc3 Qxc3+ 32. Kxc3 Ne5 33. Bxe5 Rxe5 34. Kd4 Rh5 35. Rh1 Rgh7 36. Rag1+ Kf8 37. Rb1 b6 38. Rb4 c5+ 39. Kc4 cxb4 40. Kxb4 a6 0-1

[Event "GER-chT U12"]
[Site "Magdeburg"]
[Date "2023.12.27"]
[Round "1.6"]
[White "Tuktamyshev, Timur"]
[Black "Hefele, Stefanie"]
[Result "1-0"]
[WhiteElo "1391"]
[BlackElo "1174"]
[PlyCount "51"]
[EventDate "2023.12.26"]
[EventType "team-swiss"]
[EventRounds "7"]
[EventCountry "GER"]
[SourceTitle "CB03_2024"]
[SourceDate "2024.01.17"]
[SourceVersion "1"]
[SourceVersionDate "2024.01.17"]
[SourceQuality "1"]
[WhiteTeam "Hamburger SK"]
[BlackTeam "Tegernsee"]
[WhiteTeamCountry "GER"]
[BlackTeamCountry "GER"]

1. e4 e5 2. Nf3 Nc6 3. Bc4 Nf6 4. Ng5 d5 5. exd5 Nxd5 6. d4 f6 7. dxe5 fxg5 8. Bxd5 Nxe5 9. 0-0 Bg4 10. Qd4 Qf6 11. Re1 Bd6 12. Qxg4 Kd8 13. Qxg5 c6 14. Bb3 Re8 15. Qxf6+ gxf6 16. Bd2 Kc7 17. Nc3 Re7 18. Ne4 Rae8 19. Nxf6 Rf8 20. Ne4 Ng4 21. Nxd6 Rxe1+ 22. Rxe1 Kxd6 23. Bb4+ c5 24. Re6+ Kd7 25. Bxc5 b6 26. Bxf8 1-0